Rozvoj socialistickej ekonomickej integrácie ako faktor intenzifikácie národnej ekonomiky zborník zo sympózia v Modre 2.-4. novembra 1981

Gespeichert in:
Bibliographische Detailangaben
Format: Buch
Sprache:Slowakisch
Veröffentlicht: Bratislava Ekonomický ústav SAV 1982
Schriftenreihe:Výskumné práce č. 51/1982
Tags: Tag hinzufügen
Keine Tags, Fügen Sie das erste Tag hinzu!

MARC

LEADER 00000nam a2200000 4500
001 c131267
005 20181203150432.5
041 0 |a slo 
044 |a SK 
245 1 0 |a Rozvoj socialistickej ekonomickej integrácie ako faktor intenzifikácie národnej ekonomiky  |b zborník zo sympózia v Modre 2.-4. novembra 1981 
264 1 |a Bratislava  |b Ekonomický ústav SAV  |c 1982 
300 |a 129 s. 
490 1 |a Výskumné práce  |v č. 51/1982 
830 0 |a Výskumné práce  |v č. 51/1982